| 000 | 00710nam a22002057a 4500 | ||
|---|---|---|---|
| 007 | 00 | ||
| 008 | 160615b xxu||||| |||| 00| 0 eng d | ||
| 020 | _a978-2-294-73519-6 | ||
| 040 |
_aBUAC _cBUC |
||
| 041 | _aFre. | ||
| 100 | _aPoirot, Mathieu | ||
| 245 |
_aLes situations difficiles au travail : _bgestion des risques psychosociaux _c/ par Michel Poirot |
||
| 260 |
_aIssy-les -Moulineaux Cedex : _bElsevier Masson, _c2013 |
||
| 300 |
_aIV-148 p. _c21 cm. _bcouv. en coul. ; |
||
| 440 |
_a(Collection Pratiques en Psychothérapie) : _n(Santé Psy et travail) _ppar Dominique Servant |
||
| 630 | _aPHILOSOPHIE-PSYCHOLOGIE | ||
| 650 | _aPSYCHOLOGIE | ||
| 651 | _aTravail : psychologie | ||
| 942 |
_cLBA _2ddc |
||
| 999 |
_c54580 _d54580 |
||